000
00302nam a2200121Ia 4500
008
220204s9999 xx 000 0 und d
082
_a
336.7(038)
_b
JEN
245
0
_a
Thomson's dictionary of banking
250
_a
Ed.25
260
_a
Great Britain
_b
Pitman
_c
1974
700
_a
Jenkins, D B
942
_c
BK
999
_c
27861
_d
27861